75 Años de la Secretaría de Educación Pública en cifras (Record no. 61592)

MARC details
000 -CABECERA
campo de control de longitud fija 00575nam a2200205 a 4500
005 - FECHA Y HORA DE LA ÚLTIMA TRANSACCIÓN
campo de control 20250829063931.0
008 - ELEMENTOS DE LONGITUD FIJA--INFORMACIÓN GENERAL
campo de control de longitud fija 991125n 000 0 spa u
035 ## - NÚMERO DE CONTROL DEL SISTEMA
Número de control de sistema UPN01000062234
100 ## - ASIENTO PRINCIPAL--NOMBRE PERSONAL
Nombre de persona ROSAS BARRERA, Federico
222 ## - TÍTULO CLAVE
Título clave EDUCACION 2001
245 ## - MENCIÓN DE TÍTULO
Título 75 Años de la Secretaría de Educación Pública en cifras
300 ## - DESCRIPCIÓN FÍSICA
Extensión 29-31
362 ## - FECHAS DE PUBLICACIÓN Y/O DESIGNACIÓN SECUENCIAL
Fecha de publicación y/o designación secuencial 1996 2(19)
610 ## - ASIENTO SECUNDARIO DE MATERIA - NOMBRE CORPORATIVO
Nombre de entidad corporativa o nombre de jurisdicción como elemento de entrada MEXICO.
Unidad subordinada SECRETARIA DE EDUCACION PUBLICA
650 ## - ASIENTO SECUNDARIO DE MATERIA - TERMINO TEMATICO
Término de materia o nombre geográfico como elemento de entrada HISTORIA EDUCATIVA
650 ## - ASIENTO SECUNDARIO DE MATERIA - TERMINO TEMATICO
Término de materia o nombre geográfico como elemento de entrada ALFABETIZACION
650 #4 - ASIENTO SECUNDARIO DE MATERIA - TERMINO TEMATICO
Término de materia o nombre geográfico como elemento de entrada Analfabetismo
9 (RLIN) 4901
904 ## - ELEMENTOS DE DATOS D LOCAL, LDD (RLIN)
a AC
b 000045
905 ## - TIPO DE MATERIAL
Tipo de material Articulo

No items available.